00118 2200073 4500990001100000990001100011990001100022990001100033 a015924 a016806 a016807 a016809